000 00505nam a22001817a 4500
003 DO-SdBNP
005 20210906091329.0
008 210906b2018 ||||| |||| 00| 0 spa d
040 _aDO-SdBNP
_bspa
_cBNPHU
082 _axxx
_bL693i
100 1 _4Liao, Yuan Fuei
245 1 0 _aIntersección conectando fe + acción /
_cYuan Fuei Liao, Manny Rosado
260 _aSanto Domingo :
_bTele 3
300 _a277 p. :
_bil. ;
_c20 cm
590 _aInventariado, 2021 / DG
910 _aD/G
942 _2ddc
_cLBS1
999 _c50413
_d50413